000 01384nam a22002417a 4500
003 Uzh_bibl
008 260430b |||||||| |||| 00| 0 ukr d
020 _a966-522-135-3
_c2.50
040 _bукр.
041 _2ukr
_aukr
080 _a94(477)
090 _a94(477)
_bП 15
100 _a
245 _aПам'ятки діячам науки та культури національних меншин України
_cВ. О. Горбик, Т. І. Бурдоносова, П. І. Скрипник
_hТекст
260 _aКиїв
_bГолов. спеціаліз. ред. літ. мовами нац. меншин України
_c1998
300 _a189 с.
520 _a«Пам'ятки діячам науки та культури національних меншин України: каталог-довідник» (автори В. О. Горбик та ін., 1998 р.) є фундаментальним дослідженням, що описує об'єкти спадщини, пов'язані з видатними представниками інших народів, які зробили внесок в українську культуру.
521 _aДля широкого кола читачів
546 _aукр.
650 _aДовідкове видання
655 _vкаталог-довідник
942 _2udc
_cBK
999 _c17586
_d17586